Thư mục ngôn ngữ học Việt Nam: Tiếng Việt - Tiếng Anh - Tiếng Pháp - Tiếng Nga = Bibliography of Vietnamese linguistics: Vietnamese - English - French - Russian
Đã lưu trong:
| Príomhúdar: | |
|---|---|
| Formáid: | Leabhar |
| Teanga: | Undetermined |
| Foilsithe: |
Hà Nội
Văn Hóa
1994
|
| Ábhair: | |
| Clibeanna: |
Cuir Clib Leis
Gan Chlibeanna, Bí ar an gcéad duine leis an taifead seo a chlibeáil!
|
| Thư viện lưu trữ: | Trung tâm Học liệu Trường Đại học Cần Thơ |
|---|
| LEADER | 00701nam a2200205Ia 4500 | ||
|---|---|---|---|
| 001 | CTU_85551 | ||
| 008 | 210402s9999 xx 000 0 und d | ||
| 082 | |a 016.495922 | ||
| 082 | |b Y600 | ||
| 100 | |a Nguyễn Như Ý | ||
| 245 | 0 | |a Thư mục ngôn ngữ học Việt Nam: Tiếng Việt - Tiếng Anh - Tiếng Pháp - Tiếng Nga | |
| 245 | 0 | |b = Bibliography of Vietnamese linguistics: Vietnamese - English - French - Russian | |
| 245 | 0 | |c Nguyễn Như Ý | |
| 260 | |a Hà Nội | ||
| 260 | |b Văn Hóa | ||
| 260 | |c 1994 | ||
| 650 | |a Vietnamese language | ||
| 650 | |x Bibliography | ||
| 904 | |i Minh | ||
| 980 | |a Trung tâm Học liệu Trường Đại học Cần Thơ | ||